000 00668nam a2200241Ia 4500
003 OSt
005 20221006155344.0
006 a|||||r|||| 00| 0
007 ta
008 221006b |||||||| |||| 00| 0 eng d
024 _a41,739
037 _cSeries Articles
040 _aEASL
_cEASL
_beng
041 _2eng
_aeng
100 _aJones Justin
245 0 _a'Signs of churing'
_b Muslim personal law and public contestation in twenty-first century India
260 _aCambridge
_bCambridge University Press UK
_c2010
300 _a175-
_ccm.
490 _v44
650 _aLaw
942 _cREF
_2CC
999 _c1109825
_d1109825